| 000 | 01731nam a22002657a 4500 | ||
|---|---|---|---|
| 005 | 20260507133038.0 | ||
| 008 | 260507b |||||||| |||| 00| 0 eng d | ||
| 022 | _a0261-1929 | ||
| 040 |
_aMMSU _cULS |
||
| 210 | _aATLA | ||
| 222 | _aAlternatives to Laboratory Animals | ||
| 245 |
_aATLA : _bAlternatives to Laboratory Animals |
||
| 260 |
_aLondon: _bSage Publications, _c2025- |
||
| 300 |
_avolumes ; _c28 cm. |
||
| 310 | _aSix times a year. | ||
| 362 | _aVolume 53, Number 3 (May 2025- ) | ||
| 500 | _aATLA is a peer-reviewed journal, intended to cover all aspects of the development, validation, implementation and use of alternatives to laboratory animals in biomedical research and toxicity testing. In addition to the replacement of animals, it also covers work that aims to reduce the number of animals used and refine the in vivo | ||
| 505 |
_tPermutation Tests Are a Useful Alternative Approach for Statistical Hypothesis Testing in Small Sample Sizes (pp. 130–137) / _rTheresa Unseld, Lisa Ruckerbauer, and Benjamin Mayer |
||
| 505 |
_tThe Development of an Animal Product-free, Precision-cut Lung Slice Cryopreservation and Post-thaw Culture Method (pp. 138–153) / _rHolger P. Behrsing, Khalid Amin, and Vivek Patel |
||
| 505 |
_tThe Prevalence of Reported Gavage Incidents in Repeated Dose Toxicity Studies Involving Rats Conducted Between 2004–2023 (pp. 154–167) / _rKaty Taylor, Laura Rego Alvarez and Emma Grange |
||
| 505 |
_t20 Years of Providing Custom Non-Animal-Derived Antibodies — A Review (pp. 168–174) / _rJohn Cardone and Achim Knappik |
||
| 650 |
_aBiomedical research _vPeriodicals |
||
| 650 |
_aAnimals as alternatives in laboratoies _vPeriodicals |
||
| 942 |
_2lcc _cSERIALS |
||
| 999 |
_c29096 _d29096 |
||